LEADER 01612nam 2200373z- 450 001 9910694120703321 005 20070328084253.0 035 $a(CKB)5860000000026966 035 $a(BIP)014058466 035 $a(EXLCZ)995860000000026966 100 $a20220406c2006uuuu -u- - 101 0 $aeng 200 10$aInternet data brokers $ewho has access to your private records? : hearings before the Subcommittee on Oversight and Investigations of the Committee on Energy and Commerce, House of Representatives, One Hundred Ninth Congress, second session, June 21, June 22, and September 29, 2006 215 $a1 online resource (iii, 1451 p.) 311 $a0-16-077961-8 517 $aInternet data brokers 606 $aInfomediaries$xCorrupt practices$zUnited States 606 $aConsumers$xInformation services$xCorrupt practices$zUnited States 606 $aTelephone companies$xRecords and correspondence$xAccess control$zUnited States 606 $aPrivacy, Right of$zUnited States 610 $aConsumers 610 $aPrivacy, right of 610 $aBusiness records 610 $aBusiness & economics 610 $aLaw 615 0$aInfomediaries$xCorrupt practices 615 0$aConsumers$xInformation services$xCorrupt practices 615 0$aTelephone companies$xRecords and correspondence$xAccess control 615 0$aPrivacy, Right of 712 02$aUnited States, Congress House Committee on Energy and Commerce Subcommittee on Oversight and Investigations Staff,$4oth 906 $aBOOK 912 $a9910694120703321 996 $aInternet data brokers$93131310 997 $aUNINA LEADER 01720nam0 2200397 i 450 001 URB0358898 005 20251003044433.0 010 $a8814098980 020 $aIT$b2003-12281 100 $a20060223d2003 ||||0itac50 ba 101 | $aita 102 $ait 181 1$6z01$ai $bxxxe 182 1$6z01$an 183 1$6z01$anc$2RDAcarrier 200 1 $aResponsabilità per fatto degli ausiliari$eclausole di esonero da responsabilità$e[artt. 1228-1229]$fGrazia Ceccherini 210 $aMilano$cGiuffrè$d2003 215 $aXIV, 263 p.$d25 cm. 225 | $aˆIl ‰Codice civile.$i Commentario 410 0$1001CFI0051308$12001 $aˆIl ‰Codice civile.$i Commentario 606 $aResponsabilità civile$xClausole esonerative$2FIR$3UFIC103550$9I 606 $aResponsabilità civile$xClausole esonerative$2FIR$3UFIC103550$9I 676 $a345.450268$9REATI COMMERCIALI, FINANZIARI, PROFESSIONALI. ITALIA$v21 676 $a346.45$9DIRITTO PRIVATO. ITALIA$v21 676 $a346.4503$9ILLECITI. ITALIA$v21 676 $a347$9Diritto processuale civile e tribunali civili$v12 700 1$aCeccherini$b, Grazia$3CFIV103264$4070$0149600 801 3$aIT$bIT-000000$c20060223 850 $aIT-BN0095 $aIT-NA0079 $aIT-NA0070 901 $bNAP 01$cCOM $n$ 901 $bNAP BN$cS.MOD $nLa consegna dei documenti è effettuata dall'Ufficio Distribuzione 912 $aURB0358898 950 0$aBiblioteca Centralizzata di Ateneo$d 01COM (C) 346.45 COM SCH$e 01C 0080010475 VMA 1 v.$fB $h20130620$i20130620 977 $a 01$a BN 996 $aResponsabilità per fatto degli ausiliari$968700 997 $aUNISANNIO